[Event "TNT April op"]
[Site "Winnipeg CAN"]
[Date "2003.04.22"]
[Round "4"]
[White "Pottinger, Carl"]
[Black "Toews, Brian"]
[Result "1-0"]
[WhiteElo "1582"]
[BlackElo "1228"]
[PlyCount "93"]
[EventDate "2003.04.01"]
[EventType "swiss"]
[EventRounds "4"]
[EventCountry "CAN"]
[Source "ChessBase"]
[SourceDate "2003.11.25"]

1. d4 d5 2. c4 e6 3. Nc3 Nf6 4. Bg5 Be7 5. cxd5 exd5 6. Nf3 Be6 7. e3 Nbd7 8.
Bd3 c6 9. O-O O-O 10. Qc2 g6 11. Bh6 Re8 12. Ng5 Ng4 13. Nxe6 fxe6 14. Bxg6
Nxh6 15. Bxh7+ Kh8 16. Bd3 Rf8 17. f4 Ng4 18. Qe2 Ndf6 19. h3 Nh6 20. Rf2 Bb4
21. Nb1 Ne4 22. Bxe4 dxe4 23. a3 Be7 24. Kh2 Qa5 25. Nc3 Rf7 26. Nxe4 Qb5 27.
Qxb5 cxb5 28. Nc3 b6 29. e4 Raf8 30. g3 Kg7 31. d5 e5 32. f5 Bc5 33. Rf3 Bd4
34. Raf1 Bxc3 35. Rxc3 Rd7 36. g4 Nf7 37. h4 Nd6 38. Re1 Nc4 39. Re2 Kh6 40.
g5+ Kg7 41. Kg3 Rc8 42. h5 Nd6 43. h6+ Kh7 44. Rxc8 Nxc8 45. Kg4 Nd6 46. Kh5 a5
47. g6+ 1-0

[Event "TNT April op"]
[Site "Winnipeg CAN"]
[Date "2003.04.22"]
[Round "4"]
[White "Rutter, Blair"]
[Black "Gibbons, Lorne"]
[Result "1-0"]
[WhiteElo "1703"]
[BlackElo "1353"]
[PlyCount "41"]
[EventDate "2003.04.01"]
[EventType "swiss"]
[EventRounds "4"]
[EventCountry "CAN"]
[Source "ChessBase"]
[SourceDate "2003.11.25"]

1. d4 d5 2. c4 e6 3. a3 dxc4 4. Nc3 c5 5. d5 exd5 6. Qxd5 Qxd5 7. Nxd5 Na6 8.
e4 b5 9. a4 Nb4 10. axb5 Nxd5 11. exd5 Bb7 12. Bxc4 Nf6 13. Bg5 Bxd5 14. Bxd5
Nxd5 15. O-O-O Nc7 16. Nf3 f6 17. Rhe1+ Be7 18. Bf4 Nxb5 19. Rd5 Rd8 20. Rxc5
Nd4 21. Rc7 1-0

[Event "TNT April op"]
[Site "Winnipeg CAN"]
[Date "2003.04.22"]
[Round "4"]
[White "Schulz, Waldemar"]
[Black "Anderson, Collin"]
[Result "1/2-1/2"]
[WhiteElo "2060"]
[BlackElo "1685"]
[PlyCount "87"]
[EventDate "2003.04.01"]
[EventType "swiss"]
[EventRounds "4"]
[EventCountry "CAN"]
[Source "ChessBase"]
[SourceDate "2003.11.25"]

1. d4 Nf6 2. c4 e6 3. g3 b6 4. Bg2 d5 5. Nf3 Bb7 6. Ne5 Bb4+ 7. Bd2 Bxd2+ 8.
Nxd2 O-O 9. O-O Nbd7 10. Ndf3 c5 11. Rc1 Ne4 12. Qa4 Nxe5 13. Nxe5 f6 14. Nf3
dxc4 15. dxc5 Nxc5 16. Qxc4 Ba6 17. Qc2 Rc8 18. Rfd1 Qe7 19. Qd2 Rfd8 20. Qe3
e5 21. Bh3 Rxd1+ 22. Rxd1 Rd8 23. Rd2 Bb7 24. b4 Rxd2 25. Nxd2 Na6 26. a3 Nc7
27. Ne4 Qd8 28. Qd2 Qxd2 29. Nxd2 Nb5 30. Be6+ Kf8 31. Nc4 Nd4 32. Bg4 Ba6 33.
Nd6 Bxe2 34. Bh3 Nc2 35. Nc8 Nxa3 36. Nxa7 Nc2 37. Nc8 b5 38. Bd7 Nd4 39. f4 h5
40. Kf2 exf4 41. gxf4 Bc4 42. Ke3 Nc2+ 43. Ke4 Nxb4 44. Na7 1/2-1/2

[Event "TNT February op"]
[Site "Winnipeg CAN"]
[Date "2003.02.25"]
[Round "4"]
[White "Hogeveen Rutter, Alexander"]
[Black "Kohalmi, Andy"]
[Result "1-0"]
[WhiteElo "1585"]
[BlackElo "1506"]
[PlyCount "124"]
[EventDate "2003.02.25"]
[EventType "swiss"]
[EventRounds "4"]
[EventCountry "CAN"]
[Source "ChessBase"]
[SourceDate "2003.11.25"]

1. e4 c5 2. Nf3 e6 3. Nc3 a6 4. Bc4 b5 5. Be2 Nc6 6. d3 Be7 7. O-O Nf6 8. h3 d6
9. Bg5 h6 10. Bh4 Bb7 11. Bg3 O-O 12. e5 dxe5 13. Bxe5 Nxe5 14. Nxe5 b4 15. Na4
Qd5 16. Bf3 Qxe5 17. Bxb7 Ra7 18. Bf3 Rd8 19. Re1 Qd6 20. a3 a5 21. axb4 axb4
22. b3 Nh7 23. Re3 Ng5 24. Bh5 Bf6 25. Rb1 e5 26. h4 Ne6 27. Qg4 Qe7 28. g3 g6
29. Bxg6 fxg6 30. Qxg6+ Qg7 31. Qxg7+ Rxg7 32. Kh2 Re8 33. Nb6 Ra7 34. Rc1 Ra2
35. Nd7 Bg7 36. Nxe5 Nd4 37. Nd7 Rxe3 38. fxe3 Nxc2 39. Nxc5 Nxe3+ 40. Kh3 Rb2
41. Re1 Bd4 42. Ne6 Bb6 43. d4 Rxb3 44. Kh2 Rb2+ 45. Kh3 Nf5 46. Re4 Rb3 47.
Rg4+ Kf7 48. h5 Kxe6 49. Rg6+ Kd5 50. Rxb6 Rxg3+ 51. Kh2 b3 52. Rb5+ Ke4 53. d5
Rd3 54. Kg2 Ne3+ 55. Kf2 Nxd5 56. Rb8 Rh3 57. Ke1 Kd4 58. Kd2 Rh2+ 59. Kc1 b2+
60. Rxb2 Rxb2 61. Kxb2 Nf4 62. Kc2 Ke3 1-0

[Event "TNT February op"]
[Site "Winnipeg CAN"]
[Date "2003.02.25"]
[Round "4"]
[White "Katcher, Jeff"]
[Black "Reimer, Bruce"]
[Result "1-0"]
[WhiteElo "1286"]
[BlackElo "1318"]
[PlyCount "47"]
[EventDate "2003.02.25"]
[EventType "swiss"]
[EventRounds "4"]
[EventCountry "CAN"]
[Source "ChessBase"]
[SourceDate "2003.11.25"]

1. Nf3 d5 2. d4 e6 3. c4 Nf6 4. Bg5 Nbd7 5. Nc3 Be7 6. e3 c6 7. cxd5 exd5 8.
Bd3 O-O 9. O-O a6 10. Qc2 Re8 11. Bxf6 Nxf6 12. a3 Bg4 13. Ne5 Bc8 14. Rab1 Bd6
15. Nf3 Qc7 16. h3 Bd7 17. Na4 b5 18. Nc5 Bxc5 19. Qxc5 Be6 20. Ne5 Rac8 21.
Rfc1 Nd7 22. Qxc6 Qxc6 23. Nxc6 Rc7 24. Ne7+ 1-0

[Event "TNT February op"]
[Site "Winnipeg CAN"]
[Date "2003.02.25"]
[Round "4"]
[White "Khedkar, Jay"]
[Black "Van Wyk, Joseph"]
[Result "0-1"]
[WhiteElo "1938"]
[BlackElo "1914"]
[PlyCount "48"]
[EventDate "2003.02.25"]
[EventType "swiss"]
[EventRounds "4"]
[EventCountry "CAN"]
[Source "ChessBase"]
[SourceDate "2003.11.25"]

1. e4 e5 2. f4 d6 3. Nf3 Nc6 4. Bb5 Bd7 5. O-O Nf6 6. Nc3 a6 7. Bxc6 Bxc6 8. d3
Qe7 9. a4 h6 10. Ne2 g6 11. Bd2 Bg7 12. Bc3 Ng4 13. Qb1 h5 14. h3 O-O-O 15. b4
f5 16. exf5 gxf5 17. Ng3 Rdf8 18. hxg4 hxg4 19. Ng5 Bh6 20. Re1 Bxg5 21. fxg5
Qh7 22. Kf2 Qh2 23. Rg1 Rh3 24. Nh1 Bxg2 0-1

[Event "TNT February op"]
[Site "Winnipeg CAN"]
[Date "2003.02.25"]
[Round "4"]
[White "Kwiatek, Jordan"]
[Black "Czarny, Keith"]
[Result "1-0"]
[WhiteElo "1729"]
[BlackElo "1657"]
[PlyCount "73"]
[EventDate "2003.02.25"]
[EventType "swiss"]
[EventRounds "4"]
[EventCountry "CAN"]
[Source "ChessBase"]
[SourceDate "2003.11.25"]

1. Nf3 e6 2. c4 Nc6 3. g3 Nf6 4. d4 d5 5. Bg2 Bb4+ 6. Bd2 Bxd2+ 7. Nbxd2 O-O 8.
e3 b6 9. O-O Bb7 10. Rc1 Rb8 11. a3 Na5 12. c5 Ne4 13. cxb6 cxb6 14. b4 Nxd2
15. Nxd2 Nc6 16. Qa4 Qd7 17. Rc2 Ne5 18. Qxa7 Nc4 19. Nxc4 dxc4 20. Rfc1 b5 21.
a4 Rfd8 22. axb5 Qxb5 23. Rxc4 Bxg2 24. Kxg2 g6 25. Rc7 Qd5+ 26. Kg1 Qf3 27.
Qa4 Ra8 28. Qc6 Qe2 29. Qc4 Qf3 30. b5 Rd5 31. Rc8+ Rxc8 32. Qxc8+ Kg7 33. Qc6
Qe2 34. Rc5 Qe1+ 35. Kg2 Rd8 36. b6 e5 37. Rxe5 1-0

[Event "TNT February op"]
[Site "Winnipeg CAN"]
[Date "2003.02.25"]
[Round "4"]
[White "Rutter, Blair"]
[Black "Milord, Frank"]
[Result "0-1"]
[WhiteElo "1703"]
[BlackElo "1567"]
[PlyCount "78"]
[EventDate "2003.02.25"]
[EventType "swiss"]
[EventRounds "4"]
[EventCountry "CAN"]
[Source "ChessBase"]
[SourceDate "2003.11.25"]

1. d4 d5 2. c4 c6 3. Nc3 Nf6 4. Nf3 dxc4 5. e4 b5 6. Be2 Bb7 7. O-O e6 8. Qc2
Be7 9. h3 O-O 10. Bf4 a6 11. Rad1 Qc8 12. Bh2 Nbd7 13. Ng5 h6 14. Nf3 Nb6 15.
a3 c5 16. b3 cxb3 17. Qxb3 Nxe4 18. Nxe4 Bxe4 19. Rc1 c4 20. Qe3 Qb7 21. Bf4
Bxf3 22. Bxf3 Nd5 23. Qe5 Rac8 24. Be4 Qc7 25. Bh7+ Kh8 26. Qxc7 Nxc7 27. Be4
Nd5 28. Bd2 c3 29. Be1 Bxa3 30. Rc2 b4 31. Bxd5 exd5 32. f4 f5 33. Rf3 Rfe8 34.
Kf2 Bb2 35. g4 fxg4 36. hxg4 b3 37. Rxb2 cxb2 38. Rxb3 Rxe1 39. Rxb2 Re4 0-1

[Event "TNT February op"]
[Site "Winnipeg CAN"]
[Date "2003.02.25"]
[Round "4"]
[White "Schulz, Waldemar"]
[Black "Wasney, Mark"]
[Result "1-0"]
[WhiteElo "2060"]
[BlackElo "1674"]
[PlyCount "71"]
[EventDate "2003.02.25"]
[EventType "swiss"]
[EventRounds "4"]
[EventCountry "CAN"]
[Source "ChessBase"]
[SourceDate "2003.11.25"]

1. d4 d5 2. c4 Nc6 3. Nf3 dxc4 4. Nc3 Bg4 5. e3 e5 6. d5 Bxf3 7. Qxf3 Na5 8.
Qe4 Bd6 9. Bxc4 f5 10. Qd3 Ne7 11. Bb5+ c6 12. dxc6 bxc6 13. Ba4 O-O 14. O-O
Qc7 15. e4 f4 16. Rd1 Rfd8 17. Rb1 Rab8 18. Qe2 Bb4 19. Bd2 Rd4 20. Bc2 Nc4 21.
Bb3 f3 22. Bxc4+ Kh8 23. gxf3 Qd6 24. Be3 Qg6+ 25. Kh1 Rdd8 26. Rxd8+ Rxd8 27.
Rg1 Qh5 28. f4 Qe8 29. Qg4 Qf8 30. f5 Rd6 31. a3 Ba5 32. Na4 Bb6 33. Nc5 Bxc5
34. Bxc5 Rd2 35. Qg5 Rd7 36. f6 1-0

[Event "TNT February op"]
[Site "Winnipeg CAN"]
[Date "2003.02.25"]
[Round "4"]
[White "Zaczek, Jonathan"]
[Black "Gibson, Fred"]
[Result "1-0"]
[WhiteElo "1504"]
[BlackElo "1141"]
[PlyCount "43"]
[EventDate "2003.02.25"]
[EventType "swiss"]
[EventRounds "4"]
[EventCountry "CAN"]
[Source "ChessBase"]
[SourceDate "2003.11.25"]

1. e4 b5 2. Bxb5 Nf6 3. Bc4 Bb7 4. d3 d5 5. exd5 Nxd5 6. Qf3 c6 7. Nc3 e6 8.
Nge2 Bb4 9. Qg3 Qf6 10. Bd2 O-O 11. O-O Bc5 12. Ne4 Qe7 13. Bh6 f5 14. Nxc5 Rf6
15. Qxg7+ Qxg7 16. Bxg7 Kxg7 17. Nxb7 Nd7 18. Na5 Ne5 19. Bxd5 cxd5 20. Rfe1
Rg6 21. Nd4 Kf6 22. Nac6 1-0

[Event "TNT June op"]
[Site "Winnipeg CAN"]
[Date "2003.06.03"]
[Round "1"]
[White "Cleto, Sam"]
[Black "Taylor, Evan"]
[Result "1/2-1/2"]
[WhiteElo "1872"]
[BlackElo "1420"]
[PlyCount "105"]
[EventDate "2003.06.03"]
[EventType "swiss"]
[EventRounds "4"]
[EventCountry "CAN"]
[Source "ChessBase"]
[SourceDate "2003.11.25"]

1. e4 c6 2. d4 d5 3. Nd2 dxe4 4. Nxe4 Bf5 5. Ng3 Bg6 6. h4 h6 7. Nf3 Nd7 8. h5
Bh7 9. Bd3 Bxd3 10. Qxd3 Qc7 11. Bd2 e6 12. O-O-O Ngf6 13. Kb1 O-O-O 14. c4 Be7
15. Rhe1 Kb8 16. Bc3 Rde8 17. Re5 Bd6 18. Ne4 Bxe5 19. dxe5 Nxe4 20. Qxe4 Nb6
21. Ba5 Rd8 22. Rxd8+ Rxd8 23. c5 Qd7 24. Qc2 Qd5 25. b3 Rd7 26. Bd2 Nc8 27.
Be3 Qd1+ 28. Qxd1 Rxd1+ 29. Kc2 Rd8 30. g4 Ne7 31. g5 Nf5 32. Bd2 Nd4+ 33. Nxd4
Rxd4 34. f4 Kc8 35. Be3 Rd8 36. Kc3 hxg5 37. fxg5 Rh8 38. h6 gxh6 39. gxh6 Kd8
40. Kc4 Ke8 41. b4 Kd7 42. a4 Rg8 43. Bd2 Rg4+ 44. Kd3 Ke7 45. Ke3 Rg8 46. Kf4
Rd8 47. Be1 Kf8 48. Bf2 Rd7 49. Kg5 Kg8 50. Kf6 a6 51. a5 Kh8 52. Be3 Kh7 53.
Bg5 1/2-1/2

[Event "TNT June op"]
[Site "Winnipeg CAN"]
[Date "2003.06.03"]
[Round "1"]
[White "Czypinski, Jaroslaw"]
[Black "Anderson, George"]
[Result "1-0"]
[WhiteElo "1939"]
[BlackElo "1548"]
[PlyCount "79"]
[EventDate "2003.06.03"]
[EventType "swiss"]
[EventRounds "4"]
[EventCountry "CAN"]
[Source "ChessBase"]
[SourceDate "2003.11.25"]

1. e4 e6 2. d4 d5 3. e5 Bd7 4. f4 c5 5. c3 Qb6 6. Nf3 Bb5 7. Bxb5+ Qxb5 8. Qe2
Qxe2+ 9. Kxe2 Nc6 10. Be3 cxd4 11. Bxd4 Nge7 12. Bc5 Rc8 13. Bxe7 Bxe7 14. Nbd2
O-O 15. Nb3 f6 16. Rac1 b5 17. Nbd4 fxe5 18. Nxc6 Rxc6 19. Nxe5 Ra6 20. Nd3
Rxa2 21. Ra1 Rxa1 22. Rxa1 Ra8 23. Ra6 Kf7 24. Ne5+ Kf6 25. g4 g5 26. Nd7+ Kf7
27. Ne5+ Kf6 28. Nd7+ Kf7 29. f5 exf5 30. Ne5+ Kg7 31. gxf5 Bf6 32. Ng4 Bd8 33.
Rd6 h5 34. Rd7+ Kf8 35. Ne5 Bb6 36. Kd3 Re8 37. Ng6+ Kg8 38. f6 Re3+ 39. Kd2
Rf3 40. Rg7# 1-0

[Event "TNT June op"]
[Site "Winnipeg CAN"]
[Date "2003.06.03"]
[Round "1"]
[White "Jarmasz, Mark"]
[Black "Babb, Jeff"]
[Result "0-1"]
[WhiteElo "1712"]
[BlackElo "2171"]
[PlyCount "76"]
[EventDate "2003.06.03"]
[EventType "swiss"]
[EventRounds "4"]
[EventCountry "CAN"]
[Source "ChessBase"]
[SourceDate "2003.11.25"]

1. e4 e5 2. Nf3 Nc6 3. Bb5 a6 4. Bxc6 dxc6 5. O-O f6 6. Qe2 Ne7 7. Rd1 c5 8.
Nc3 Nc6 9. b3 Bg4 10. Qc4 Nd4 11. Nxd4 cxd4 12. Ne2 Qd7 13. f3 Be6 14. Qd3 c5
15. c4 b5 16. cxb5 axb5 17. Bb2 c4 18. Qb1 Bc5 19. d3 c3 20. Bc1 O-O 21. f4 h6
22. Qc2 Qf7 23. Rb1 Kh7 24. Rf1 Qg8 25. Ng3 Rfb8 26. Rf2 Bd6 27. Nf5 Bf8 28.
Qd1 g6 29. Nh4 exf4 30. Rxf4 Rxa2 31. Rf2 Rxf2 32. Kxf2 Ra8 33. Nf3 Ra2+ 34.
Bb2 Bxb3 35. Qc1 Ba3 36. Nxd4 Rxb2+ 37. Rxb2 Bxb2 38. Qb1 b4 0-1

[Event "TNT June op"]
[Site "Winnipeg CAN"]
[Date "2003.06.03"]
[Round "1"]
[White "Lipnowski, Samuel"]
[Black "Prince, Colin"]
[Result "1-0"]
[WhiteElo "2136"]
[BlackElo "1671"]
[PlyCount "59"]
[EventDate "2003.06.03"]
[EventType "swiss"]
[EventRounds "4"]
[EventCountry "CAN"]
[Source "ChessBase"]
[SourceDate "2003.11.25"]

1. d4 Nf6 2. c4 g6 3. Nc3 Bg7 4. e4 O-O 5. Be2 d6 6. Bg5 c6 7. f4 Nbd7 8. Nf3
Qa5 9. e5 dxe5 10. fxe5 Ne4 11. Bxe7 Re8 12. Bh4 c5 13. O-O Nxc3 14. bxc3 Qxc3
15. Rc1 Qa3 16. d5 Nxe5 17. Nxe5 Qe3+ 18. Bf2 Qxe5 19. Bf3 Bf5 20. Bxc5 Qb2 21.
Rf2 Qe5 22. Re2 Qc7 23. Bf2 Bh6 24. Rc3 Bg7 25. d6 Qa5 26. Rb3 Rad8 27. Rxb7
Be6 28. Rxa7 Qb4 29. c5 Ra8 30. Rxa8 1-0

[Event "TNT June op"]
[Site "Winnipeg CAN"]
[Date "2003.06.03"]
[Round "1"]
[White "Nair, Krishnan"]
[Black "Essery, Richard"]
[Result "0-1"]
[WhiteElo "1175"]
[BlackElo "1753"]
[PlyCount "88"]
[EventDate "2003.06.03"]
[EventType "swiss"]
[EventRounds "4"]
[EventCountry "CAN"]
[Source "ChessBase"]
[SourceDate "2003.11.25"]

1. e4 d5 2. Bd3 d4 3. Nf3 Nc6 4. Bb5 Bd7 5. Bxc6 Bxc6 6. d3 b6 7. c3 dxc3 8.
bxc3 g6 9. Ne5 Bb7 10. Qb3 e6 11. Qb5+ c6 12. Nxc6 Qd7 13. Nd4 O-O-O 14. Qxd7+
Rxd7 15. O-O Bg7 16. Bb2 Ba6 17. Rd1 Bxd3 18. Rxd3 e5 19. Na3 exd4 20. cxd4 Ne7
21. Rad1 Rhd8 22. R1d2 f5 23. e5 Bxe5 24. g3 Kb7 25. f4 Bf6 26. Nc4 Nd5 27. Ne5
Rc7 28. a3 Rdc8 29. Kf1 b5 30. Rb3 a6 31. a4 b4 32. Ke2 a5 33. Rd1 Nc3+ 34.
Bxc3 Rxc3 35. Rxc3 Rxc3 36. d5 Rc2+ 37. Ke1 b3 38. Rb1 b2 39. Kd1 Rxh2 40. d6
Rg2 41. d7 Kc7 42. Ke1 Bxe5 43. fxe5 Kxd7 44. Kf1 Rc2 0-1

[Event "TNT June op"]
[Site "Winnipeg CAN"]
[Date "2003.06.03"]
[Round "1"]
[White "Proulx, Roy"]
[Black "Gibson, Fred"]
[Result "1-0"]
[WhiteElo "1699"]
[BlackElo "1143"]
[PlyCount "33"]
[EventDate "2003.06.03"]
[EventType "swiss"]
[EventRounds "4"]
[EventCountry "CAN"]
[Source "ChessBase"]
[SourceDate "2003.11.25"]

1. e4 c5 2. Nf3 d6 3. d4 cxd4 4. Nxd4 Nc6 5. Nc3 Nf6 6. Bg5 Qc7 7. Be2 Nxd4 8.
Qxd4 e5 9. Qd2 Be6 10. Rd1 h6 11. Bxf6 gxf6 12. Nb5 Qb6 13. Nxd6+ Bxd6 14. Qxd6
Rd8 15. Bb5+ Bd7 16. Bxd7+ Rxd7 17. Qxd7+ 1-0

[Event "TNT June op"]
[Site "Winnipeg CAN"]
[Date "2003.06.03"]
[Round "1"]
[White "Schulz, Waldemar"]
[Black "Pottinger, Carl"]
[Result "1-0"]
[WhiteElo "2036"]
[BlackElo "1586"]
[PlyCount "77"]
[EventDate "2003.06.03"]
[EventType "swiss"]
[EventRounds "4"]
[EventCountry "CAN"]
[Source "ChessBase"]
[SourceDate "2003.11.25"]

1. d4 d5 2. c4 e5 3. dxe5 d4 4. Nf3 Nc6 5. a3 Bg4 6. Nbd2 Nge7 7. Nb3 Qd7 8. h3
Bxf3 9. exf3 Nxe5 10. Qxd4 O-O-O 11. Qxd7+ Nxd7 12. Be2 Nc6 13. Be3 Nde5 14.
O-O Be7 15. Rfd1 Rxd1+ 16. Rxd1 Rd8 17. Rxd8+ Nxd8 18. Nd4 Bf6 19. b4 Ndc6 20.
f4 Nxd4 21. Bxd4 Nd7 22. Bxf6 Nxf6 23. Bf3 Ne8 24. c5 b6 25. cxb6 axb6 26. Kf1
Nd6 27. Bd5 f6 28. Ke1 c5 29. Kd2 cxb4 30. axb4 Kd7 31. Kd3 h6 32. g4 g5 33.
fxg5 hxg5 34. Ke3 Ke7 35. f4 Nf7 36. fxg5 fxg5 37. Bxf7 Kxf7 38. Ke4 Ke6 39. b5
1-0

[Event "TNT June op"]
[Site "Winnipeg CAN"]
[Date "2003.06.03"]
[Round "1"]
[White "Shome, Devarshi"]
[Black "Khedkar, Jay"]
[Result "0-1"]
[WhiteElo "1566"]
[BlackElo "1948"]
[PlyCount "54"]
[EventDate "2003.06.03"]
[EventType "swiss"]
[EventRounds "4"]
[EventCountry "CAN"]
[Source "ChessBase"]
[SourceDate "2003.11.25"]

1. e4 e5 2. f4 d5 3. exd5 e4 4. d3 Nf6 5. Nc3 Bb4 6. Bd2 O-O 7. Be2 Re8 8. a3
exd3 9. axb4 dxe2 10. Ngxe2 Nxd5 11. Nxd5 Qxd5 12. O-O Bg4 13. Re1 Nc6 14. h3
Rxe2 15. Rxe2 Qd4+ 16. Kf1 Bxe2+ 17. Qxe2 Qxb2 18. Re1 h6 19. Qc4 Rd8 20. Bc3
Qxc2 21. b5 Nd4 22. Re7 Ne6 23. Rxe6 fxe6 24. Qxe6+ Kh8 25. Qe5 Rd1+ 26. Be1
Qd3+ 27. Kf2 Qd4+ 0-1

[Event "TNT June op"]
[Site "Winnipeg CAN"]
[Date "2003.06.03"]
[Round "1"]
[White "Taylor, Jasper"]
[Black "Van Wyk, Joseph"]
[Result "0-1"]
[WhiteElo "1483"]
[BlackElo "1909"]
[PlyCount "40"]
[EventDate "2003.06.03"]
[EventType "swiss"]
[EventRounds "4"]
[EventCountry "CAN"]
[Source "ChessBase"]
[SourceDate "2003.11.25"]

1. d4 d5 2. c4 e6 3. Nc3 c5 4. dxc5 d4 5. Ne4 f5 6. Ng3 Bxc5 7. Nf3 Qb6 8. b3
d3 9. e3 f4 10. Ne4 fxe3 11. Nxc5 exf2+ 12. Kxf2 Qxc5+ 13. Ke1 Nc6 14. Bxd3 Ne5
15. Bb2 Qe3+ 16. Kf1 Nxd3 17. Qc2 Nxb2 18. Qxb2 Nf6 19. Re1 Qd3+ 20. Kg1 O-O
0-1

[Event "TNT June op"]
[Site "Winnipeg CAN"]
[Date "2003.06.03"]
[Round "1"]
[White "Zaczek, Jonathan"]
[Black "Nikouline, Alexandre"]
[Result "0-1"]
[WhiteElo "1625"]
[BlackElo "2057"]
[PlyCount "58"]
[EventDate "2003.06.03"]
[EventType "swiss"]
[EventRounds "4"]
[EventCountry "CAN"]
[Source "ChessBase"]
[SourceDate "2003.11.25"]

1. e4 e5 2. Nf3 Nc6 3. Bb5 a6 4. Ba4 Nf6 5. O-O Be7 6. Re1 b5 7. Bb3 O-O 8. c3
d6 9. h3 Na5 10. Bc2 c5 11. d3 Re8 12. Nbd2 Bf8 13. d4 Nc6 14. d5 Ne7 15. Nf1
Ng6 16. Ng3 Bd7 17. a4 h6 18. Qe2 Nf4 19. Qd1 g5 20. Nf5 Bxf5 21. exf5 N4xd5
22. Qd2 Nf4 23. g3 Nxh3+ 24. Kg2 g4 25. Nh2 Ng5 26. Bd1 Qd7 27. Nxg4 Qxf5 28.
Qxd6 Nxg4 29. Bxg4 Qxg4 0-1

[Event "TNT June op"]
[Site "Winnipeg CAN"]
[Date "2003.06.10"]
[Round "2"]
[White "Anderson, George"]
[Black "Jarmasz, Mark"]
[Result "0-1"]
[WhiteElo "1548"]
[BlackElo "1712"]
[PlyCount "108"]
[EventDate "2003.06.03"]
[EventType "swiss"]
[EventRounds "4"]
[EventCountry "CAN"]
[Source "ChessBase"]
[SourceDate "2003.11.25"]

1. e4 c5 2. d4 cxd4 3. Bd3 d6 4. f4 e5 5. Nf3 Nc6 6. O-O Nf6 7. Qe1 Be7 8. fxe5
dxe5 9. Qg3 Qd6 10. a3 g6 11. Nbd2 Nh5 12. Qf2 f6 13. h3 Be6 14. Nc4 Qc7 15. g4
Ng7 16. Qg3 g5 17. b4 O-O-O 18. Ncd2 h5 19. Bc4 hxg4 20. Bxe6+ Nxe6 21. Qxg4
Qd7 22. Nc4 Nf4 23. Qxd7+ Kxd7 24. Bxf4 gxf4 25. Kh2 Rc8 26. Rg1 Nxb4 27.
Ncxe5+ fxe5 28. axb4 Rxc2+ 29. Rg2 Rxg2+ 30. Kxg2 Bd6 31. Rxa7 Kc6 32. h4 Kb6
33. Ra5 Re8 34. Kh3 Rg8 35. Ng5 Rc8 36. Rd5 Rc3+ 37. Kg4 Rg3+ 38. Kf5 Bxb4 39.
Kxe5 f3 40. Kxd4 f2 41. Rf5 Bc5+ 42. Ke5 Rg1 43. Nh3 f1=Q 44. Nxg1 Qxg1 45. h5
Qg7+ 46. Ke6 Kc6 47. Rd5 Qg4+ 48. Kf6 Qxe4 49. Rf5 Qxf5+ 50. Kxf5 Kd5 51. Kf4
Kd4 52. Kf3 Kd3 53. Kf4 b5 54. Ke5 b4 0-1

[Event "TNT June op"]
[Site "Winnipeg CAN"]
[Date "2003.06.10"]
[Round "2"]
[White "Essery, Richard"]
[Black "Schulz, Waldemar"]
[Result "0-1"]
[WhiteElo "1753"]
[BlackElo "2036"]
[PlyCount "56"]
[EventDate "2003.06.03"]
[EventType "swiss"]
[EventRounds "4"]
[EventCountry "CAN"]
[Source "ChessBase"]
[SourceDate "2003.11.25"]

1. Nf3 Nf6 2. b3 d5 3. Bb2 c5 4. e3 Nc6 5. d3 e6 6. Be2 Be7 7. O-O O-O 8. c3 b6
9. d4 Bb7 10. Nbd2 Rc8 11. Re1 Bd6 12. c4 Qe7 13. Bd3 Rfd8 14. h3 Nb4 15. Bb1
Nc6 16. e4 dxe4 17. Nxe4 Nxe4 18. Bxe4 Nxd4 19. Bxb7 Qxb7 20. Ng5 Be7 21. Qh5
Bxg5 22. Qxg5 Qd7 23. Re4 f6 24. Qh4 Rc6 25. Kh1 Rd6 26. g4 Qc6 27. g5 f5 28.
g6 Qxe4+ 0-1

[Event "TNT June op"]
[Site "Winnipeg CAN"]
[Date "2003.06.10"]
[Round "2"]
[White "Gibson, Fred"]
[Black "Zaczek, Jonathan"]
[Result "0-1"]
[WhiteElo "1143"]
[BlackElo "1625"]
[PlyCount "48"]
[EventDate "2003.06.03"]
[EventType "swiss"]
[EventRounds "4"]
[EventCountry "CAN"]
[Source "ChessBase"]
[SourceDate "2003.11.25"]

1. d4 Nf6 2. c4 g6 3. Nc3 Bg7 4. e4 d6 5. Be2 O-O 6. Nf3 e5 7. d5 Nbd7 8. Be3
a5 9. O-O h6 10. Qd2 Ng4 11. Ng5 Nxe3 12. Qxe3 Qxg5 13. f4 exf4 14. Rxf4 Bd4
15. Qxd4 Qxf4 16. Rf1 Qg5 17. Nb5 Qd8 18. Qe3 Kh7 19. e5 Nxe5 20. b3 Bd7 21.
Nc3 Qg5 22. Qf4 Qxf4 23. Rxf4 Rae8 24. Ne4 f5 0-1

[Event "TNT June op"]
[Site "Winnipeg CAN"]
[Date "2003.06.10"]
[Round "2"]
[White "Khedkar, Jay"]
[Black "Proulx, Roy"]
[Result "1-0"]
[WhiteElo "1948"]
[BlackElo "1699"]
[PlyCount "77"]
[EventDate "2003.06.03"]
[EventType "swiss"]
[EventRounds "4"]
[EventCountry "CAN"]
[Source "ChessBase"]
[SourceDate "2003.11.25"]

1. e4 c5 2. Nf3 d6 3. d4 cxd4 4. Nxd4 Nf6 5. Nc3 a6 6. Be2 e5 7. Nb3 b5 8. O-O
Bb7 9. Bf3 Nbd7 10. Be3 Be7 11. a4 b4 12. Nd5 Nxd5 13. exd5 a5 14. c4 bxc3 15.
bxc3 Rc8 16. Rc1 O-O 17. c4 Ba6 18. Be2 f5 19. Bd2 e4 20. Bxa5 Qe8 21. Nd4 Ne5
22. Nb5 f4 23. Bg4 Rxc4 24. Be6+ Kh8 25. Rxc4 Nxc4 26. Nc7 Qg6 27. Nxa6 Nxa5
28. Qg4 Nc4 29. Qxg6 hxg6 30. Nc7 Rb8 31. h3 Rb4 32. Bf7 Ne5 33. Be8 g5 34. a5
Rb7 35. Rc1 Bd8 36. a6 Ra7 37. Ne6 Rxa6 38. Nxd8 Ra8 39. Nf7+ 1-0

[Event "TNT June op"]
[Site "Winnipeg CAN"]
[Date "2003.06.10"]
[Round "2"]
[White "Nikouline, Alexandre"]
[Black "Czypinski, Jaroslaw"]
[Result "0-1"]
[WhiteElo "2057"]
[BlackElo "1939"]
[PlyCount "86"]
[EventDate "2003.06.03"]
[EventType "swiss"]
[EventRounds "4"]
[EventCountry "CAN"]
[Source "ChessBase"]
[SourceDate "2003.11.25"]

1. e4 d5 2. exd5 Nf6 3. Bb5+ Bd7 4. Bxd7+ Nbxd7 5. c4 Nb6 6. Nf3 Qd7 7. d3 e6
8. Ne5 Bb4+ 9. Nc3 Qd6 10. Qe2 O-O 11. O-O Bxc3 12. bxc3 exd5 13. cxd5 Rfe8 14.
d4 Qxd5 15. Qc2 Nc4 16. Nxc4 Qxc4 17. Qb3 Qxb3 18. axb3 Re2 19. Be3 Nd5 20. c4
Nxe3 21. fxe3 Rxe3 22. Rf3 Rxf3 23. gxf3 f6 24. d5 a6 25. Kf2 Kf7 26. Ra4 Ke7
27. Ke3 Kd7 28. c5 Re8+ 29. Kd3 Re5 30. Rg4 Rxd5+ 31. Kc4 Kc6 32. b4 Rg5 33.
Re4 Re5 34. Rd4 Rh5 35. Rg4 g6 36. h4 Rf5 37. f4 b6 38. cxb6 cxb6 39. Kb3 Kb5
40. Ka3 Kc4 41. Ka4 a5 42. h5 axb4 43. Rg5 fxg5 0-1

[Event "TNT June op"]
[Site "Winnipeg CAN"]
[Date "2003.06.10"]
[Round "2"]
[White "Pottinger, Carl"]
[Black "Nair, Krishnan"]
[Result "1-0"]
[WhiteElo "1586"]
[BlackElo "1175"]
[PlyCount "91"]
[EventDate "2003.06.03"]
[EventType "swiss"]
[EventRounds "4"]
[EventCountry "CAN"]
[Source "ChessBase"]
[SourceDate "2003.11.25"]

1. d4 d5 2. c4 Nf6 3. Bg5 Ne4 4. Bf4 Bf5 5. f3 Nf6 6. Nc3 e6 7. a3 Be7 8. e3
O-O 9. Bd3 Bxd3 10. Qxd3 Nc6 11. Nge2 b6 12. cxd5 exd5 13. e4 Nh5 14. Bg3 dxe4
15. fxe4 Nxg3 16. hxg3 Ne5 17. Qc2 Nc4 18. e5 g6 19. Nb1 Ne3 20. Qe4 Bg5 21.
Nd2 c6 22. Nf3 Rc8 23. Kf2 f5 24. Qd3 Ng4+ 25. Ke1 Be3 26. Rf1 Qd5 27. Nc3 Qb3
28. Rb1 Rcd8 29. Nd2 Qe6 30. Nf3 Rd7 31. Rd1 Rfd8 32. Ne2 c5 33. Nf4 Bxd4 34.
Nxe6 Bf2+ 35. Ke2 Rxd3 36. Rxd3 Re8 37. Rd8 Kf7 38. Rxe8 Kxe8 39. Rxf2 Nxf2 40.
Kxf2 Ke7 41. Nc7 a5 42. Ke3 Kd7 43. Nd5 b5 44. Nf6+ Ke6 45. Nxh7 c4 46. Kd4 1-0